000 00586nam a2200217Ia 4500
003 IIN
005 20240618121920.0
008 240618b |||||||| |||| 00| 0 eng d
020 _a9780323020084
_c5995.00
040 _aIIN
_bEng
082 _a618.10231
_bLOW
100 1 _aLowdermilk, Deitra Leonard
245 1 _aMaternity & Women's Health Care/
_cDeitra Leonard Lowdermilk
250 _a8th ed
260 _aMissouri
_bMosby
_c2004
300 _axxiv,1219p.
650 1 _aObstetrics
650 1 _aMaternity & Women's
_vHealth Care
700 1 _aPerry, Shannon E
942 _cBOOK
999 _c1662
_d1662